| 000 | 00406nam a22001697a 4500 | ||
|---|---|---|---|
| 003 | MACL | ||
| 005 | 20151223171156.0 | ||
| 008 | 151223b xxu||||| |||| 00| 0 eng d | ||
| 040 | _cMACL | ||
| 041 | _aEnglish | ||
| 082 | _a900/MAY | ||
| 100 |
_aMorris Jan _922612 |
||
| 245 | _aTowards The New Horizon | ||
| 260 |
_aNew Delhi _bStandard Publishers _c2009 |
||
| 650 |
_aHistory _922613 |
||
| 942 |
_2ddc _cBK |
||
| 999 |
_c51785 _d51785 |
||